| 000 | 00670nam a2200253Ia 4500 | ||
|---|---|---|---|
| 003 | OSt | ||
| 005 | 20221006144754.0 | ||
| 006 | a|||||r|||| 00| 0 | ||
| 007 | ta | ||
| 008 | 221006b |||||||| |||| 00| 0 eng d | ||
| 020 | _cP6.00 | ||
| 024 | _a12,668 | ||
| 037 | _cTextual | ||
| 040 |
_aEASL _cEASL _beng |
||
| 041 |
_2eng _aeng |
||
| 082 | _aV41:1942.N, L7 | ||
| 100 |
_aSTEEDS David _9652806 |
||
| 245 | 0 | _aChina, Japan and 19th cnetury Vrirain | |
| 260 |
_aShannon _bIrish University _c1977 |
||
| 300 |
_a136p. _ccm. |
||
| 700 | _a NISH IAN | ||
| 942 |
_hV41:1942.N, L7 _cTEXL _2CC |
||
| 999 |
_c1080754 _d1080754 |
||